Sports Quiz

Random Sports or Baseball Quiz

MLB Multiple MVP Winners Quiz Stats

 Plays Quiz Updated Jan 16, 2020

Support Sporcle.
Go Orange.
Score 0/28 Timer 06:00
6 Plays Today
# Player % Correct
7Barry Bonds
94.7%
3Alex Rodriguez
84.4%
3Mickey Mantle
83.8%
3Mike Trout
82.6%
3Albert Pujols
80.2%
2Ted Williams
74.5%
3Joe DiMaggio
73.8%
2Miguel Cabrera
71.8%
2Lou Gehrig
70.9%
2Willie Mays
70.8%
2Roger Maris
60.8%
3Yogi Berra
59.2%
2Frank Robinson
58.1%
2Cal Ripken, Jr.
58.1%
# Player % Correct
3Mike Schmidt
57.1%
3Stan Musial
53%
2Frank Thomas
50.8%
2Johnny Bench
50.5%
3Jimmie Foxx
49.9%
2Joe Morgan
46%
2Robin Yount
42%
2Juan Gonzalez
37.8%
2Ernie Banks
36.4%
2Dale Murphy
35.3%
3Roy Campanella
32.6%
2Hank Greenberg
30.6%
2Hal Newhouser
17.5%
2Carl Hubbell
10.9%

From the Vault

US Senators

by Derek

History 10m
A couple of these folks are running for President of the United States, can you name the ones that aren't as well?
Remove Ads.
Support Sporcle.
Get the best of Sporcle when you Go Orange. This ad-free experience offers more features, more stats, and more fun while also helping to support Sporcle. Thank you for becoming a member.

Show Comments

Extras

Top Quizzes Today


Score Distribution

Your Account Isn't Verified!

In order to create a playlist on Sporcle, you need to verify the email address you used during registration. Go to your Sporcle Settings to finish the process.

Report this User

Report this user for behavior that violates our Community Guidelines.

Details: